|
|
|
|
| LEADER |
00000nam a2200000 i 4500 |
| 001 |
publ2591 |
| 005 |
20260126094251.0 |
| 008 |
260122s2026 hu o 000 zxx d |
| 020 |
|
|
|a 978-615-6886-24-8
|
| 040 |
|
|
|a BGE Publikációtár Repozitórium
|b hun
|
| 100 |
1 |
|
|a Hámori Antal
|
| 245 |
1 |
0 |
|a VII. Fogyasztóvédelmi aktualitások - új kihívások a fogyasztóvédelemben
|b VII. Consumer Protection Updates - New Challenges in Consumer Protection Abstracts
|c Hámori Antal
|h [elektronikus dokumentum]
|
| 260 |
|
|
|a Budapesti Gazdaságtudományi Egyetem
|b Budapest
|c 2026
|
| 300 |
|
|
|a 74
|
| 650 |
|
4 |
|a állam- és jogtudományok
|
| 700 |
1 |
|
|a Hamar Farkas Pál
|e aut
|
| 856 |
4 |
0 |
|u https://publikaciotar.uni-bge.hu/id/eprint/2591/1/Fogyaszt%C3%B3v%C3%A9delmi%20Kutat%C3%B3csoport%20absztraktk%C3%B6tet%202026%2001%2028%20ISBN.pdf
|z Dokumentum-elérés
|